El contrato de compromiso y la institución arbitral
Na minha lista:
| Autor principal: | |
|---|---|
| Formato: | Livro |
| Idioma: | espanhol |
| Publicado em: |
Madrid
Revista de Derecho Privado
1977
|
| Colecção: | Monografías
|
| Assuntos: | |
| Tags: |
Adicionar Tag
Sem tags, seja o primeiro a adicionar uma tag!
|
MARC
| LEADER | 00000nam a2200000 a 4500 | ||
|---|---|---|---|
| 001 | UCS0428 | ||
| 003 | CL-VaPUC | ||
| 008 | 970426e19770000SP |||||||||||||||||spa|d | ||
| 082 | 0 | 4 | |a 347.09 |b OGA |2 21 |
| 100 | |a Ogayar y Ayllón, Tomás |e autor |9 383908 | ||
| 245 | 1 | 3 | |a El contrato de compromiso y la institución arbitral |
| 300 | |a 257 p | ||
| 942 | |c BK | ||
| 945 | |d 19970426 00:00:00 |a cmena | ||
| 260 | |a Madrid |b Revista de Derecho Privado |c 1977 | ||
| 650 | 7 | |a TRIBUNALES ARBITRALES |2 CL-VaPUC |9 383909 | |
| 650 | 0 | |a Arbitraje |9 328491 | |
| 650 | 0 | |a Derecho civil |9 255013 | |
| 650 | 0 | |a Contratos |9 255153 | |
| 650 | 0 | |a Derecho público |9 255910 | |
| 650 | 7 | |a DERECHO PENAL |2 CL-VaPUC |9 11 | |
| 650 | 0 | |a Procedimiento civil |9 254870 | |
| 651 | 0 | |a España |9 254926 | |
| 583 | |a last modification |c 19970426 00:00:00 |k Rodrigo Vera | ||
| 490 | 0 | |a Monografías | |
| 999 | |c 258656 |d 258654 | ||
| 952 | |0 0 |1 0 |4 0 |6 347_090000000000000_OGA_1977 |7 0 |8 A |9 282911 |a BIBDER |b BIBDER |d 2019-11-19 |i 1837281 |o 347.09 OGA 1977 |p 1837281 |r 2023-01-25 |w 2019-11-19 |y BK |k DER | ||